01805nam a2200361 a 4500001001200000003000800012006001900020007001500039008004100054010001700095020002600112020002600138020002700164040002100191035002100212050002500233082001800258100002300276245015600299260005300455300002400508440002600532504005100558505036100609533015200970650004001122650003801162650005401200655002901254710001701283856012601300999001701426ebr10653556CaPaEBRm u cr cn|||||||||121213s2013 njua sb 001 0 eng d z 2012050404 z9781118138618 (cloth) z9781118540176 (cloth) z9781118224953 (e-book) aCaPaEBRcCaPaEBR a(OCoLC)82156087314aHD30.2b.M626 2013eb04a004.068/42231 aMoeller, Robert R.10aExecutive's guide to IT governanceh[electronic resource] :bimproving systems processes with service management, COBIT, and ITIL /cRobert R. Moeller. aHoboken, N.J. :bJohn Wiley & Sons, Inc.,c2013. axvi, 395 p. :bill. 0aWiley corporate F & A aIncludes bibliographical references and index.0 apt. 1. IT governance concepts -- pt. 2. Frameworks to support effective IT governance -- pt. 3. Tools and technologies to manage the IT governance infrastructure -- pt. 4. Building and monitoring effective IT governance systems -- pt. 5. Monitoring and measuring enterprise management and board governance -- pt. 6. IT governance and enterprise objectives. aElectronic reproduction.bPalo Alto, Calif. :cebrary,d2013.nAvailable via World Wide Web.nAccess may be limited to ebrary affiliated libraries. 0aInformation technologyxManagement. 0aInformation technologyxAuditing. 0aElectronic data processing departmentsxAuditing. 7aElectronic books.2local2 aebrary, Inc.40uhttp://site.ebrary.com/lib/rucke/Doc?id=10653556zAn electronic book accessible through the World Wide Web; click to view c74871d74871